000
00306nam a2200121Ia 4500
005
20251222141843.0
008
251222s9999||||xx |||||||||||||| ||spa||
082
_a
332.31/A96
100
_a
Aznarán Castillo, Guillermo
245
0
_a
Cajas Rurales de Ahorro y Crédito
264
_b
Libro Amigo
942
_c
LIB
999
_c
7476
_d
7476